000 00209 a2200109 4500
020 _a9781512497700
041 _aspa
100 _aMoon, Walt K.
245 _aExploremos la luna
942 _cBK
952 _71
999 _c20503
_d20503